Coupe du Monde 1974 - Un Joueur par équipe - Statistiques

Statistiques générales
  • Ce quiz a été pris 70 fois
  • Le résultat moyen est 13 sur 16
Statistiques - réponses
Hint Réponse % Correct
Kenny Dalglish Ecosse
97%
Johan Cruyff Pays-Bas
97%
Jürgen Sparwasser Allemagne de l'Est
95%
Björn Nordqvist Suède
94%
Gerd Müller Allemagne de l'Ouest
92%
Dino Zoff Italie
89%
Dragan Džajić Yougoslavie
87%
Johnny Watkiss Australie
85%
Hristo Bonev Bulgarie
85%
Mario Kempes Argentine
84%
Kidumu Mantantu Zaïre
81%
Grzegorz Lato Pologne
77%
Emmanuel Sanon Haïti
76%
Edu Brésil
74%
Elías Figueroa Chili
61%
Julio César Jiménez Uruguay
58%
Aucun quiz correspondant
Distribution des résultats
% des personnes avec chaque résultat
Percentile par nombre de réponses
Votre historique - résultats
Vous n’avez pas pris ce quiz